000 00837nam a2200229 i 4500
001 41581
003 ES-MaACL
005 20230906160446.0
007 t|
008 030311s1968 sp ||||1| spa d
100 1 _aCassignol, Etienne Jean.
_936352
245 1 0 _aTeoría y práctica de los circuitos con semiconductores /
_cE. J. Cassignol ; prólogo J. Lagasse.
260 _aMadrid :
_bParaninfo,
_c1968.
300 _a2 v. :
_bil. ;
_c22 cm.
505 8 _aV.I.: Electrónica lineal / [traducido, Juan Antonio de Miguel]. V.II.: Electrónica no lineal / [ traducido, J. Sánchez Solera]
700 1 _aLagasse, J.
_969562
700 1 _aMiguel, Juan Antonio de.
_981013
700 1 _aSánchez Solera, J.
_9102941
740 0 _aElectrónica lineal.
740 0 _aElectrónica no lineal.
852 _aES-MaACL
_jC-35208-9
_bR.65631
999 _c41581
_d41581